书目信息 |
| 题名: |
毛泽东的秘书们
|
|
| 作者: | 叶永烈 | |
| 分册: | ||
| 出版信息: | 上海 上海人民出版社 1994 |
|
| 页数: | 399 | |
| 开本: | 20cm | |
| 丛书名: | ||
| 单 册: | ||
| 中图分类: | A75 | |
| 科图分类: | ||
| 主题词: | 毛泽东--生平事迹 , 毛泽东--传记 | |
| 电子资源: | ||
| ISBN: | 7-208-01069-7 | |
| 000 | 00525nam0 2200193 450 | |
| 001 | 0735257515 | |
| 005 | 20070904094737.51 | |
| 010 | @a7-208-01069-7@d15 | |
| 100 | @a20070904d km y0chiy0120 ea | |
| 101 | 0 | @achi |
| 200 | 1 | @a毛泽东的秘书们@Amao ze dong de mi shu men@f叶永烈@Fye yong lie |
| 210 | @a上海@c上海人民出版社@d1994 | |
| 215 | @a399@d20cm | |
| 606 | 0 | @a毛泽东@x生平事迹 |
| 606 | 0 | @a毛泽东@x传记 |
| 690 | @aA75@v3 | |
| 701 | 0 | @a叶永烈@Aye yong lie |
| 801 | 0 | @aCN@bPFT@c20070904 |
| 905 | @a213230@dA75@ea11@f1 | |
| 毛泽东的秘书们/叶永烈.-上海:上海人民出版社,1994 |
| 399;20cm |
| ISBN 7-208-01069-7:15 |
| ● |
| 相关链接 |
|
|
|
|
正题名:毛泽东的秘书们
索取号:A75/a11
 
预约/预借
| 序号 | 登录号 | 条形码 | 馆藏地/架位号 | 状态 | 备注 |
| 1 | 7500132 | 275001329 | 密集书库-史法系/ [索取号:A75/a11] | 在馆 |